000 00238 a2200097 4500
001 18993
100 _aA S M E
245 _aInterments and Apparatus : Flow Measurement PT-5 chapter 4
260 _a
_bA S M E
_c1959
090 _c14075
_d14075
942 _aNUST-CAE
_cM
_c4531
999 _c254066
_d254066